000 nam a22 a 4500
999 _c608
_d608
003 AKMAL
005 20170504123003.0
008 170504s2010 my | e | f000 0 may d
020 _a9789670192000 (kkt.)
040 _aAKMAL
082 0 4 _a338.9595 MOD
_222
090 0 0 _a338.9595
_bMOD
245 0 0 _aModel baru ekonomi untuk Malaysia :
_bbahagian akhir : langkah dasar strategik
260 _aPutrajaya :
_bMajlis Penasihat Ekonomi Negara,
_c2010
300 _axiv, 136ms. ;
_c30cm. +
_e1 cakera komputer optikal (43/4 in.)
500 _aJuga diterbitkan dalam bahasa Inggeris
650 1 0 _aEconomic development
_zMalaysia
_91327
651 0 _aMalaysia
_xEconomic conditions
_963
651 0 _aMalaysia
_xEconomic policy
_949
942 _2ddc
_cBOOK
950 _lAKMAL